LEADER 00896naa a2200193 u 4500 001 000000095128 003 CaOOAMICUS 005 20070226130141.0 008 040602s1967 gw u000 u ger u 035 $a10997478 040 $aIAR$bita 100 1 $aKniewald, Dragutin,$csac.,$d1889-$0(OLS)http://pul/name/61046 245 14$aDas Kroatische als liturgische Sakralsprache /$cDragutin Kniewald. 260 $aWiesbaden :$bHarrassowitz,$c1967. 300 $av.3, S. 55-66, ;$c24 cm 773 0 $aGeschichte der Ost- und Westkirche in ihren wechselseitigen Beziehungen. 773 0 $aCongresso internazionale di storia slava.$tActa congressus historiae Slavicae Salisburgensis in memoriam ss. Cyrilli et Methodii anno 1963 celebrati$w()12921 996 $6245$aDas Kroatische als liturgische Sakralsprache$9(OLS)http://pul/title/122007 996 $6260$aWiesbaden :$bHarrassowitz$9(OLS)http://pul/publisher/53801 LEADER 01006nam a2200241 a 4500 001 000000144358 003 CaOOAMICUS 005 20150625105852.0 008 150625s2009 it g u000 u ita r 020 $a978-88-01-04294-8 040 $aPUL$bita 110 2 $aConferenza episcopale italiana.$0(OLS)http://pul/name/9850 245 10$aCanti per la liturgia :$brepertorio nazionale /$c[Conferenza episcopale italiana]. 260 $aTorino-Leumann :$bElle Di Ci,$cİ2009. 300 $aVIII, 664 p. :$bmusica ;$c20 cm 650 4$aLiturgia$xMusica.$0(OLS)http://pul/subject/41872 850 $aPUL 852 $aPUL$W1$xDP1 Fondo S. Lanza$y121$m3 F 15$j166559$qFondi$B167162$CPULBib$Z2$F167162 $HLan2480 $82 941 1 $a1 996 $6020$a978-88-01-04294-8$9(OLS)http://pul/number/158068 996 $6245$aCanti per la liturgia :$brepertorio nazionale$9(OLS)http://pul/title/182644 996 $6260$aTorino-Leumann :$bElle Di Ci$9(OLS)http://pul/publisher/50810